Personajes, objetos y demás de la mitología Nórdica - Estadísticas

Estadísticas generales
  • Esta prueba ha sido intentada 62 veces
  • La puntuación promedio es 6 de 15
Estadísticas de respuestas
Defincion Objeto/Personje/Demás % Correcto
¿Cuántas patas tenía? 8/ocho
78%
Loki quedo _______ de un caballo Embarazado
67%
¿Cuántas madres tiene Heimdall? 9/nueve
62%
El nombre del martillo de Thor Mjolnir
60%
Planta "anti-Balder" Muerdago
51%
Nombre del árbol de los mundos Yggdrasil
44%
Thor ________ a sus cabras Come/Resucita
38%
Dios que recupero el collar de Freyja Heimdall
27%
La madre de Hela Angrboda
24%
Ardilla que vive en el árbol de los mundos Ratatosk
24%
Mundo del cual provienen Freyja y Frey Vanaheim
24%
Freyja tiene una que te convierte en halcon Capa
20%
Nombre del dragón que come las raíces del árbol de los mundos Nidhogg
20%
¿Cómo se llamaba el caballo? Sleipnir
20%
Hermanos de Hela Jormungandr y Fenrir
0%
No se encontraron pruebas coincidentes
Distribución de puntuación
Porcentaje de gente con cada puntuación
Porcentaje por número respondido
Historial de tus puntuaciones
No has intentado esta prueba.